Statistiques concernant Champions de la NBA

Cliquez ici pour prendre le quiz!

Statistiques générales

  • Ce quiz a été pris 18 655 fois
    (9 940 depuis la dernière actualisation)
  • Le résultat moyen est 16 sur 21

Statistiques - réponses

Vainqueurs% Correct
Los Angeles Lakers
99%
Boston Celtics
96%
Chicago Bulls
96%
Golden State Warriors
96%
Denver Nuggets
94%
Miami Heat
93%
San Antonio Spurs
93%
Milwaukee Bucks
92%
Cleveland Cavaliers
90%
Toronto Raptors
88%
Dallas Mavericks
83%
Detroit Pistons
81%
Houston Rockets
78%
New York Knicks
75%
76ers de Philadelphie
74%
Washington Wizards
61%
Seattle SuperSonics
57%
Atlanta Hawks
54%
Sacramento Kings
54%
Portland Trail Blazers
48%
Baltimore Bullets
31%

Distribution des résultats

Percentile par nombre de réponses

% des personnes avec chaque résultat

Votre développement - résultats

Vous n’avez pas pris ce quiz depuis la dernière actualisation